| 000 | 00682nam a22001577a 4500 | ||
|---|---|---|---|
| 008 | 090630t xxu||||| |||| 00| 0 eng d | ||
| 020 | _a9780580502644 | ||
| 082 |
_222 _a624.177028 _bSTR |
||
| 245 |
_aStructural Eurocodes: _bPP 1990:2007.Extracts from the structural Eurocodes for students of structural design/ _cBritish Standards Institution |
||
| 250 | _a2nd ed. | ||
| 260 |
_aLondon: _bBSI, _c2007 |
||
| 300 |
_a1 v.; _c25 cm. |
||
| 650 |
_97251 _aStructural design _v-- Standards |
||
| 942 |
_2ddc _cBB |
||
| 999 |
_c12124 _d12124 |
||